[Event "Valle Region-ch U10"]
[Site "Cali"]
[Date "2012.02.16"]
[Round "1.4"]
[White "Vargas Munoz, Juan Manuel"]
[Black "Restrepo Borrero, Mateo"]
[Result "0-1"]
[WhiteElo "1300"]
[BlackElo "1508"]
[PlyCount "78"]
[EventDate "2012.02.16"]
[EventType "swiss"]
[EventRounds "6"]
[EventCountry "COL"]
[SourceTitle "EXT 2024"]
[Source "ChessBase"]
[SourceDate "2023.10.10"]
[SourceVersion "1"]
[SourceVersionDate "2023.10.10"]
[SourceQuality "1"]

1. e4 c5 2. Bc4 d6 3. d3 g6 4. Bb5+ Bd7 5. Bc4 Nf6 6. Nf3 Bg7 7. Bxf7+ Kxf7 8. Ng5+ Ke8 9. 0-0 h6 10. Nf3 Rf8 11. e5 Nd5 12. c4 Nc7 13. d4 cxd4 14. Qxd4 Ne6 15. Qd5 dxe5 16. Qxb7 Bc6 17. Qb4 Rxf3 18. gxf3 Nd4 19. Nd2 Ne2+ 20. Kg2 Nf4+ 21. Kg3 Qd3 22. Qc3 Ne2+ 23. Kg2 Nxc3 24. bxc3 Qxc3 25. Nb1 Qxa1 26. Nd2 Qxa2 27. Rd1 Qa6 28. Ne4 Bxe4 29. fxe4 Qxc4 30. Kh1 Qxe4+ 31. f3 Qxf3+ 32. Kg1 Qxd1+ 33. Kg2 Qxc1 34. Kg3 Qf4+ 35. Kg2 e4 36. Kh3 e3 37. Kg2 e2 38. Kh3 e1Q 39. Kg2 Qef1# 0-1